|
|
|
|
| LEADER |
00000nab a2200000ua 4500 |
| 001 |
vtls010833083 |
| 003 |
SK-MaSNL |
| 005 |
20260304010544.0 |
| 008 |
240917s xo |||||||||||||||||slo| |
| 035 |
|
|
|a (urnnbn)urn:nbn:sk:snk:ar-a06ltf
|
| 035 |
|
|
|a urn:nbn:sk:snk-ab5xlb
|
| 035 |
|
|
|a (uuid)7a190f45-18e0-4d88-9312-f90703a4eab4
|
| 040 |
|
|
|a SNKBUCL
|b slo
|c SNKBUCL
|e AACR2
|
| 041 |
0 |
|
|a slo
|
| 044 |
|
|
|a xo
|c SK
|
| 100 |
1 |
|
|a Horňák, Michal,
|d 1929-2016
|4 aut
|9 25820
|
| 245 |
1 |
0 |
|a Karcinóm obličky
|c M. Horňák
|
| 773 |
0 |
|
|t Revue medicíny v praxi : odborný zdravotnícky časopis
|g Roč. 6, č. 4 (2008-2009), s. 17-18
|
| 958 |
|
|
|a OND
|
| 958 |
|
|
|a article5
|
| 999 |
|
|
|c 2561499
|d 2563429
|